[Event "Sachsen-Anhalt Verbandsliga 1920"]
[Site "Sachsen Anhalt"]
[Date "2020.09.20"]
[Round "7.3"]
[White "Richter, Tobias"]
[Black "Heinrich, Julius Tobias"]
[Result "1-0"]
[WhiteElo "2046"]
[BlackElo "2069"]
[PlyCount "101"]
[EventDate "2019.09.29"]
[EventType "team-tourn"]
[EventRounds "9"]
[EventCountry "GER"]
[SourceTitle "EXT 2023"]
[Source "ChessBase"]
[SourceDate "2022.10.05"]
[SourceVersion "1"]
[SourceVersionDate "2022.10.05"]
[SourceQuality "1"]
[WhiteTeam "Merseburg"]
[BlackTeam "Naumburg"]
[WhiteTeamCountry "GER"]
[BlackTeamCountry "GER"]

1. e4 e6 2. d4 d5 3. Nc3 Nf6 4. Bg5 Be7 5. e5 Nfd7 6. Bxe7 Qxe7 7. f4 0-0 8. Nf3 c5 9. Bd3 f6 10. dxc5 fxe5 11. fxe5 Nc6 12. Qe2 Nxc5 13. 0-0-0 Bd7 14. h4 Rac8 15. Ng5 Nxd3+ 16. Qxd3 Rf5 17. Nxd5 Qf8 18. Ne7+ Nxe7 19. Qxd7 Rf2 20. Qxe6+ Kh8 21. c3 Ng6 22. g3 Rxc3+ 23. Kb1 Rcc2 24. Nf7+ Kg8 25. Rd8 Rxb2+ 26. Ka1 Rxa2+ 27. Qxa2 Rxa2+ 28. Kxa2 Kxf7 29. Rxf8+ Kxf8 30. Re1 Ke7 31. Kb3 Ke6 32. Kc4 h5 33. Kd4 Ne7 34. Ke4 Nc6 35. Kf4 b5 36. Rd1 Ne7 37. Rd6+ Kf7 38. Ra6 Nd5+ 39. Kf5 g6+ 40. Ke4 Nc3+ 41. Kd4 Ne2+ 42. Kd5 Nc3+ 43. Kc5 Ne4+ 44. Kxb5 Nxg3 45. Kc4 Nf5 46. Kd5 Ne3+ 47. Ke4 Nf5 48. Rxa7+ Kf8 49. Kf4 Nxh4 50. Kg5 Nf3+ 51. Kf6 1-0

[Event "Sachsen-Anhalt Verbandsliga 1920"]
[Site "Sachsen Anhalt"]
[Date "2019.09.29"]
[Round "1.2"]
[White "Heinrich, Julius Tobias"]
[Black "Schubert, Ralf"]
[Result "1-0"]
[WhiteElo "2069"]
[BlackElo "2099"]
[PlyCount "81"]
[EventDate "2019.09.29"]
[EventType "team-tourn"]
[EventRounds "9"]
[EventCountry "GER"]
[SourceTitle "EXT 2023"]
[Source "ChessBase"]
[SourceDate "2022.10.05"]
[SourceVersion "1"]
[SourceVersionDate "2022.10.05"]
[SourceQuality "1"]
[WhiteTeam "Naumburg"]
[BlackTeam "Dessau"]
[WhiteTeamCountry "GER"]
[BlackTeamCountry "GER"]

1. e4 d6 2. d4 Nf6 3. Nc3 g6 4. f4 Bg7 5. Nf3 0-0 6. Be2 c5 7. d5 Na6 8. e5 Nd7 9. Bxa6 bxa6 10. Qe2 Nb6 11. Be3 Bb7 12. Rd1 Qd7 13. 0-0 Na4 14. Nxa4 Qxa4 15. b3 Qb4 16. c4 Bc8 17. h3 a5 18. Bd2 Qb6 19. g4 a4 20. bxa4 Qb2 21. Rb1 Qa3 22. Rb3 Qxa2 23. Qd3 Qxa4 24. Rc1 Qd7 25. Rcb1 a5 26. e6 fxe6 27. dxe6 Qa7 28. f5 a4 29. Ra3 Bb7 30. Ng5 Bd4+ 31. Be3 Bxe3+ 32. Qxe3 Rf6 33. Nf7 Qa6 34. g5 Rxf5 35. Nh6+ Kg7 36. Nxf5+ gxf5 37. Qc3+ Kg6 38. h4 Qc6 39. h5+ Kxg5 40. Qg7+ Kf4 41. Qg3+ 1-0

[Event "Oberliga Ost-B 1819"]
[Site "Germany"]
[Date "2019.04.06"]
[Round "10.2"]
[White "Wege, Jochen"]
[Black "Heinrich, Julius Tobias"]
[Result "1/2-1/2"]
[WhiteElo "2296"]
[BlackElo "2100"]
[PlyCount "135"]
[EventDate "2018.10.21"]
[EventType "team-tourn"]
[EventRounds "11"]
[EventCountry "GER"]
[SourceTitle "EXT 2020"]
[Source "ChessBase"]
[SourceDate "2019.10.17"]
[SourceVersion "1"]
[SourceVersionDate "2019.10.17"]
[SourceQuality "1"]
[WhiteTeam "Nied Koenig"]
[BlackTeam "Naumburg"]
[WhiteTeamCountry "GER"]
[BlackTeamCountry "GER"]

1. e4 e6 2. d4 d5 3. Nc3 Nf6 4. e5 Nfd7 5. f4 c5 6. Nf3 Nc6 7. Be3 Qb6 8. Qd2 a6 9. 0-0-0 c4 10. f5 Bb4 11. fxe6 fxe6 12. Ng5 Nf8 13. Qf2 Qc7 14. Be2 h6 15. Nh3 Bd7 16. Bh5+ g6 17. Qf6 Rg8 18. Rhf1 Nd8 19. Be2 Be7 20. Qf2 b5 21. Bf3 Bc6 22. Nf4 Qb7 23. Nce2 b4 24. Kb1 Rb8 25. c3 a5 26. cxb4 Qxb4 27. Rd2 c3 28. Rc2 Ba4 29. Nxc3 Bxc2+ 30. Qxc2 Qc4 31. Rf2 Ba3 32. Qc1 Rg7 33. Ka1 Rc7 34. Bd1 Bb4 35. Rc2 Qa6 36. Be2 Qc8 37. Bd2 Bxc3 38. Bxc3 a4 39. a3 Rb3 40. Bd3 Kf7 41. Ne2 Kg7 42. Bb4 Rxc2 43. Bxc2 Rxb4 44. axb4 Qc4 45. Qd2 Nc6 46. Qc3 Qxe2 47. Qxc6 Qe1+ 48. Ka2 Qxb4 49. Qc5 Qd2 50. Bxa4 Qxg2 51. Be8 Qf2 52. Qe7+ Kg8 53. Qf6 Qxf6 54. exf6 Nh7 55. Bxg6 Nxf6 56. Ka3 Kf8 57. Kb4 Ke7 58. Kc5 Ng4 59. h3 Nf2 60. h4 Kd7 61. b3 Kc7 62. h5 Kd7 63. b4 Kc7 64. b5 Ne4+ 65. Kb4 Nd6 66. Kc5 Nb7+ 67. Kb4 Nd6 68. Kc5 1/2-1/2

[Event "Oberliga Ost-A 1718"]
[Site "Germany"]
[Date "2018.04.14"]
[Round "10.2"]
[White "Schubert, Thomas"]
[Black "Heinrich, Julius Tobias"]
[Result "1-0"]
[WhiteElo "2320"]
[BlackElo "2129"]
[PlyCount "57"]
[EventDate "2017.10.22"]
[EventType "team-tourn"]
[EventRounds "11"]
[EventCountry "GER"]
[SourceTitle "EXT 2019"]
[Source "ChessBase"]
[SourceDate "2018.10.10"]
[SourceVersion "1"]
[SourceVersionDate "2018.10.10"]
[SourceQuality "1"]
[WhiteTeam "Leipzig SG"]
[BlackTeam "Naumburg"]
[WhiteTeamCountry "GER"]
[BlackTeamCountry "GER"]

1. Nf3 e6 2. c4 d5 3. b3 Nf6 4. Bb2 c5 5. cxd5 exd5 6. g3 Bd6 7. Bg2 0-0 8. 0-0 Bf5 9. d3 Nc6 10. Nbd2 Re8 11. Re1 Rc8 12. e4 dxe4 13. dxe4 Bg4 14. Nc4 Bc7 15. e5 Nd5 16. h3 Bh5 17. Qd2 b5 18. Nd6 Bxd6 19. exd6 Qxd6 20. g4 Bg6 21. Nh4 Rxe1+ 22. Rxe1 Nce7 23. Rxe7 Qxe7 24. Nxg6 hxg6 25. Bxd5 Kh7 26. Qc3 f5 27. Be6 Rd8 28. Qe3 Kh8 29. Qh6# 1-0

[Event "Oberliga Ost-A 1718"]
[Site "Germany"]
[Date "2018.02.03"]
[Round "6.2"]
[White "Heinrich, Julius Tobias"]
[Black "Stein, Robert"]
[Result "0-1"]
[WhiteElo "2129"]
[BlackElo "2253"]
[PlyCount "84"]
[EventDate "2017.10.22"]
[EventType "team-tourn"]
[EventRounds "11"]
[EventCountry "GER"]
[SourceTitle "EXT 2019"]
[Source "ChessBase"]
[SourceDate "2018.10.10"]
[SourceVersion "1"]
[SourceVersionDate "2018.10.10"]
[SourceQuality "1"]
[WhiteTeam "Naumburg"]
[BlackTeam "Loeberitz"]
[WhiteTeamCountry "GER"]
[BlackTeamCountry "GER"]

1. e4 c6 2. d4 d5 3. f3 e6 4. Nc3 Bb4 5. Qd3 b6 6. Nge2 Ba6 7. Qe3 Ne7 8. a3 Bd6 9. e5 Nf5 10. Qf2 Be7 11. g3 c5 12. Bh3 Nxd4 13. Nxd4 cxd4 14. Qxd4 0-0 15. Qg4 Nc6 16. Bh6 g6 17. Bxf8 Qxf8 18. f4 Rc8 19. Bf1 Bxf1 20. Rxf1 Nd4 21. Rf2 Nf5 22. Rd2 Ne3 23. Qe2 Nc4 24. Rd3 Nxb2 25. Rf3 Nc4 26. Nb5 a6 27. Nd4 Bxa3 28. c3 a5 29. g4 Bc5 30. Nb3 Qh6 31. Nd2 Qh4+ 32. Rg3 Nxd2 33. Kxd2 d4 34. c4 Bb4+ 35. Kd3 Qd8 36. Qa2 Qc7 37. Rc1 Qc5 38. Rc2 b5 39. cxb5 Qxb5+ 40. Rc4 Bc3 41. Qa4 Qb1+ 42. Ke2 Qe1+ 0-1

[Event "Oberliga Ost-A 1617"]
[Site "Germany"]
[Date "2017.05.07"]
[Round "11.3"]
[White "Gehmlich, Marcel"]
[Black "Heinrich, Julius Tobias"]
[Result "1/2-1/2"]
[WhiteElo "2194"]
[BlackElo "2055"]
[PlyCount "27"]
[EventDate "2016.10.16"]
[EventType "team-tourn"]
[EventRounds "11"]
[EventCountry "GER"]
[SourceTitle "EXT 2018"]
[Source "ChessBase"]
[SourceDate "2017.10.13"]
[SourceVersion "1"]
[SourceVersionDate "2017.10.13"]
[SourceQuality "1"]
[WhiteTeam "Dresden Gruen Weiss"]
[BlackTeam "Naumburg"]
[WhiteTeamCountry "GER"]
[BlackTeamCountry "GER"]

1. c4 e6 2. Nf3 f5 3. d4 Nf6 4. e3 Be7 5. Bd3 d5 6. 0-0 c6 7. b3 0-0 8. Ba3 Ne4 9. Bxe7 Qxe7 10. Ne5 Nd7 11. Nxd7 Bxd7 12. f3 Nd6 13. Nc3 Qf6 14. Ne2 1/2-1/2

[Event "Oberliga Ost-A 1617"]
[Site "Germany"]
[Date "2017.02.18"]
[Round "6.3"]
[White "Schoeneberg, Manfred"]
[Black "Heinrich, Julius Tobias"]
[Result "0-1"]
[WhiteElo "2245"]
[BlackElo "2055"]
[PlyCount "64"]
[EventDate "2016.10.16"]
[EventType "team-tourn"]
[EventRounds "11"]
[EventCountry "GER"]
[SourceTitle "EXT 2018"]
[Source "ChessBase"]
[SourceDate "2017.10.13"]
[SourceVersion "1"]
[SourceVersionDate "2017.10.13"]
[SourceQuality "1"]
[WhiteTeam "Leipzig SG II"]
[BlackTeam "Naumburg"]
[WhiteTeamCountry "GER"]
[BlackTeamCountry "GER"]

1. e4 e6 2. d4 d5 3. Nc3 Nf6 4. Bg5 Be7 5. exd5 Nxd5 6. Bxe7 Qxe7 7. Qd2 0-0 8. Nf3 Rd8 9. 0-0-0 Nd7 10. Bd3 N7f6 11. Rhe1 b6 12. Nxd5 Rxd5 13. c4 Rd8 14. Kb1 Bb7 15. d5 b5 16. b3 bxc4 17. bxc4 Qa3 18. Re3 Qa4 19. dxe6 Ne4 20. exf7+ Kf8 21. Qc2 Nc3+ 22. Qxc3 Qxd1+ 23. Kb2 Bxf3 24. gxf3 Rab8+ 25. Ka3 c5 26. Re8+ Rxe8 27. fxe8Q+ Rxe8 28. Be4 Rb8 29. Qe3 Qd6 30. Bc6 Kg8 31. Ba4 Qb6 32. Bb3 a5 0-1

[Event "Oberliga Ost-A 1617"]
[Site "Germany"]
[Date "2016.11.19"]
[Round "2.3"]
[White "Heinrich, Julius Tobias"]
[Black "Bednar, Marcel"]
[Result "1-0"]
[WhiteElo "2055"]
[BlackElo "2282"]
[PlyCount "87"]
[EventDate "2016.10.16"]
[EventType "team-tourn"]
[EventRounds "11"]
[EventCountry "GER"]
[SourceTitle "EXT 2018"]
[Source "ChessBase"]
[SourceDate "2017.10.13"]
[SourceVersion "1"]
[SourceVersionDate "2017.10.13"]
[SourceQuality "1"]
[WhiteTeam "Naumburg"]
[BlackTeam "Magdeburg Rochade"]
[WhiteTeamCountry "GER"]
[BlackTeamCountry "GER"]

1. e4 e5 2. Nf3 d6 3. Nc3 Nf6 4. d4 Nbd7 5. Bc4 Be7 6. Be3 c6 7. a4 0-0 8. 0-0 b6 9. Qe2 a6 10. Rfd1 Qc7 11. h3 Bb7 12. Bb3 b5 13. Bg5 b4 14. Nb1 Rfe8 15. dxe5 Nxe5 16. Nxe5 dxe5 17. Qc4 Bf8 18. Bxf6 gxf6 19. Nd2 Bc8 20. Qe2 f5 21. Qh5 Ra7 22. exf5 e4 23. Qg4+ Kh8 24. Nxe4 Qe5 25. Ng3 Bc5 26. Re1 Qxe1+ 27. Rxe1 Rxe1+ 28. Kh2 Re8 29. Ne4 Rg8 30. Qh4 Bb6 31. Nf6 Bxf5 32. Nxg8 Kxg8 33. Qxb4 Rb7 34. g3 Bc8 35. Qf4 Bd8 36. Bc4 Rd7 37. Bd3 Rd5 38. Be4 Rd4 39. Bxh7+ Kxh7 40. Qxd4 Bg5 41. Qe4+ Kg7 42. Qxc6 Bf5 43. Qxa6 Bxc2 44. Qc4 1-0

[Event "GER-chT U20"]
[Site "Naumburg Saale"]
[Date "2014.12.27"]
[Round "2.2"]
[White "Heinrich, Julius Tobias"]
[Black "Cech, Tim"]
[Result "1-0"]
[WhiteElo "1978"]
[BlackElo "1853"]
[PlyCount "90"]
[EventDate "2014.12.27"]
[EventType "team-swiss"]
[EventRounds "7"]
[EventCountry "GER"]
[SourceTitle "EXT 2016"]
[Source "ChessBase"]
[SourceDate "2015.10.08"]
[SourceVersion "1"]
[SourceVersionDate "2015.10.08"]
[SourceQuality "1"]
[WhiteTeam "Merseburg"]
[BlackTeam "Potsdam USV"]
[WhiteTeamCountry "GER"]
[BlackTeamCountry "GER"]

1. e4 e6 2. d4 d5 3. e5 c5 4. c3 Nc6 5. Nf3 Qb6 6. a3 c4 7. Nbd2 Na5 8. g3 Be7 9. h4 Bd7 10. Bh3 f6 11. exf6 Nxf6 12. Qe2 0-0-0 13. 0-0 Rde8 14. Ne5 Bd8 15. Ndf3 h6 16. Ng6 Rhg8 17. Bf4 Nc6 18. Nfe5 Nxe5 19. Bxe5 Bc7 20. f4 Ne4 21. Kh2 Kb8 22. Rf3 Rd8 23. Bxc7+ Kxc7 24. f5 exf5 25. Ne7 Qd6 26. Nxg8 Rxg8 27. Rg1 g5 28. Bxf5 Bxf5 29. Rxf5 gxh4 30. Qf3 Nxg3 31. Qf4 Nxf5 32. Qxd6+ Kxd6 33. Rxg8 Ne3 34. Re8 Nf5 35. Kh3 a5 36. Kg4 Ne7 37. Rh8 b5 38. Rxh6+ Kc7 39. Re6 Nc6 40. Kxh4 b4 41. axb4 axb4 42. Kg5 bxc3 43. bxc3 Na7 44. Re7+ Kb6 45. Rxa7 Kxa7 1-0

[Event "Naumburg Osteropen 9th"]
[Site "Naumburg Saale"]
[Date "2014.04.21"]
[Round "5.6"]
[White "Heinrich, Julius Tobias"]
[Black "Ruemmler, Roland"]
[Result "1-0"]
[WhiteElo "2022"]
[BlackElo "2009"]
[PlyCount "87"]
[EventDate "2014.04.19"]
[EventType "swiss"]
[EventRounds "5"]
[EventCountry "GER"]
[SourceTitle "EXT 2020"]
[Source "ChessBase"]
[SourceDate "2019.10.17"]
[SourceVersion "1"]
[SourceVersionDate "2019.10.17"]
[SourceQuality "1"]

1. e4 c5 2. Nf3 e6 3. d4 cxd4 4. Nxd4 a6 5. Nc3 Bc5 6. Nb3 Ba7 7. Bf4 Nc6 8. Qd2 Nge7 9. 0-0-0 b5 10. Bd6 b4 11. Nd5 0-0 12. Nxe7+ Nxe7 13. Qxb4 Re8 14. Qd2 Nc6 15. e5 a5 16. Bb5 Qb6 17. Bxc6 Qxc6 18. Kb1 a4 19. Nd4 Bxd4 20. Qxd4 Bb7 21. h4 Rec8 22. Qd2 Qxg2 23. Rhg1 Qe4 24. Rxg7+ Kxg7 25. Rg1+ Qg6 26. Rxg6+ hxg6 27. Qf4 Rh8 28. Be7 Rh5 29. Bg5 Bc6 30. c4 Rb8 31. Kc2 Rxg5 32. Qxg5 Rh8 33. b4 axb3+ 34. axb3 Rh5 35. Qg3 Rf5 36. f4 f6 37. exf6+ Kxf6 38. b4 Be4+ 39. Kc3 d6 40. Qe3 d5 41. Kd4 Rh5 42. Qg3 Rh8 43. f5 Ke7 44. Qc7+ 1-0

[Event "Sachsen-Anhalt-ch 23rd"]
[Site "Magdeburg"]
[Date "2013.05.10"]
[Round "3"]
[White "Niegsch, Nicolas"]
[Black "Heinrich, Julius Tobias"]
[Result "1/2-1/2"]
[WhiteElo "1986"]
[BlackElo "1870"]
[PlyCount "62"]
[EventDate "2013.05.09"]
[EventType "tourn"]
[EventRounds "7"]
[EventCountry "GER"]
[SourceTitle "EXT 2015"]
[Source "ChessBase"]
[SourceDate "2014.11.20"]
[SourceVersion "1"]
[SourceVersionDate "2014.11.20"]
[SourceQuality "1"]

1. e4 e5 2. Nf3 Nc6 3. d4 exd4 4. Nxd4 Bc5 5. Nb3 Bb6 6. Nc3 d6 7. a4 a6 8. a5 Ba7 9. Be2 Be6 10. 0-0 Nf6 11. Bg5 h6 12. Be3 Bxe3 13. fxe3 Bxb3 14. cxb3 0-0 15. Bd3 Ne5 16. Bc2 Nfg4 17. Qd2 Qh4 18. h3 Nf6 19. Rf4 Qg5 20. Raf1 Rac8 21. Rf5 Qg6 22. Ne2 Nh5 23. Kh2 Rce8 24. b4 Kh8 25. Bb3 Nf6 26. Qc2 Nfg4+ 27. hxg4 Nxg4+ 28. Kg1 Nxe3 29. Nf4 Qg3 30. Qxc7 Nxf5 31. Bxf7 Rc8 1/2-1/2